Công trình biển tiêu chuẩn thực hành nạo vét và tôn tạo đất

Guardado en:
Detalles Bibliográficos
Autor principal: British Standard Code of Practice for Foundation (BSI)
Formato: Libro
Lenguaje:Undetermined
Publicado: H. Xây Dựng 2002
Materias:
Etiquetas: Agregar Etiqueta
Sin Etiquetas, Sea el primero en etiquetar este registro!
Thư viện lưu trữ: Trung tâm Học liệu Trường Đại học Cần Thơ
LEADER 00674nam a2200193Ia 4500
001 CTU_53697
008 210402s9999 xx 000 0 und d
020 |c 28000 
082 |a 627.98 
082 |b B862 
100 |a British Standard Code of Practice for Foundation (BSI) 
245 0 |a Công trình biển tiêu chuẩn thực hành nạo vét và tôn tạo đất 
245 0 |c British Standard Code of Practice for Foundation (BSI); Nguyễn Hữu Đẩu biên dịch 
260 |a H. 
260 |b Xây Dựng 
260 |c 2002 
650 |a offshore structures 
904 |i Minh 
980 |a Trung tâm Học liệu Trường Đại học Cần Thơ